000 01727 a2200265 4500
003 Nust
005 20170207154018.0
010 _a 2002328511
020 _a0596001975
040 _cNust
082 0 0 _a005.72
100 1 _aMcLaughlin, Brett.
245 1 0 _aJava & XML /(E-BOOK)
_cBrett McLaughlin.
250 _a2nd ed.
260 _aSebastopol, CA :
_aCambridge :
_bO'Reilly,
_c2001.
300 _axv, 509 :
_bill. ;
_c24 cm.
505 _aIntroduction (Page- 11) Nuts and (Page-17) SAX (Page-39) Advanced SAX (Page- 67) DOM (Page- 90) Advanced DO (Page-107) JDOM (Page-137) Advanced JDOM (Page- 162) JAXP (Page-184) Web Publishing Frameworks (P a g e-202) XML-RPC (Page-237) ) SOAP(Page- 265) Web Service (Page-288) Content Syndication(Page- 308) Looking Forward ( P a g e - 360) Introduction (Page- 11) Nuts and (Page-17) SAX (Page-39) Advanced SAX (Page- 67) DOM (Page- 90) Advanced DO (Page-107) JDOM (Page-137) Advanced JDOM (Page- 162) JAXP (Page-184) Web Publishing Frameworks (P a g e-202) XML-RPC (Page-237) ) SOAP(Page- 265) Web Service (Page-288) Content Syndication(Page- 308) Looking Forward ( P a g e - 360)
650 0 _aJava (Computer program language)
650 0 _aWeb publishing.
650 0 _aXML (Document markup language)
651 _aJava & XML /(E-BOOK)
856 4 2 _3Contributor biographical information
_uhttp://www.loc.gov/catdir/enhancements/fy0913/2002328511-b.html
856 4 2 _3Publisher description
_uhttp://www.loc.gov/catdir/enhancements/fy0915/2002328511-d.html
856 4 2 _3Table of contents only
_uhttp://www.loc.gov/catdir/enhancements/fy1009/2002328511-t.html
942 _2ddc
_cBK
999 _c191545
_d191545